00851nac a22002051u 4500020001800000082002300018090001500041100003400056245013100090260005500221300003500276504005100311650003700362650004700399700002100446700002600467942002600493999001500519952011100534 a9780123694652 a006.60151257bD718 c5119d5119 aDorst, Leo  aGeometric algebra for computer science :b an object-oriented approach to geometry /cLeo Dorst, Daniel Fontijne, Stephen Mann aAmsterdam :b Elsevier/Morgan Kaufmann,2007.c2007 axxxv, 626 p. :bill. ;c24 cm. aIncludes bibliographical references and index. aComputer graphicsx Mathematics. aObject-oriented methods (Computer science) aFontijne, Daniel aMann, Stephen,d1963- cBBk006.60151257 D718 c5119d5119 00104070aMAINbMAINcLOWd2016-10-07ePurchasel0o006.60151257 DORp000006160r2025-07-15 00:00:00yBB